000 02012nam a22002777a 4500
005 20250225133334.0
008 250225b ||||| |||| 00| 0 eng d
020 _a978171964281
040 _aCO-BoUCM
_cDavid Moreno
_dDavid Moreno
041 _aeng
060 _aWB 18.2
100 1 _aBrown, Catana
_9184885
245 1 4 _aThe evidence-based practitioner
_bapplying research to meet client needs
_cCatana Brown, Glendale Arizona
250 _a2a.Ed
260 _aPhiladelphia, Pensilvania
_bF.A. Davis Company
_c2017
300 _axxii, 233 Paginas
_bilustraciones a color
504 _aIncluye referencias bibliográficas e índices
505 _rEvidence-based practice : how research answers clinical questions -- Finding and reading evidence : the first steps in evidence-based practice -- Research methods and variables : creating a foundation for evaluating research -- Understanding statistics : what they tell you and how to apply them in practice -- Validity : what makes a study strong? -- Choosing interventions for practice : designs to answer efficacy questions -- Using the evidence to evaluate measurement studies and select appropriate tests -- Descriptive and predictive research designs : understanding conditions and making clinical predictions -- Qualitative designs and methods : exploring the lived experience -- Tools for practitioners that synthesize the results of multiple studies : systematic reviews and practice guidelines -- Integrating evidence from multiple sources : involving clients and families in decision making.
650 1 4 _aTerapia ocupacional
_vManuales, etc
_9184886
650 1 4 _aPráctica basada en evidencia
_xInvestigación aplicada
_9184887
650 1 4 _aModalidades de fisioterapia
_xEvaluación de resultados
_9184888
650 1 4 _aTerapia del habla
_xTerapia del lenguaje
_9184889
650 1 4 _aTerapia ocupacional
_xInnovación en servicios
_9184890
700 1 _aArizona, Glendale
_9184891
942 _2NLM
_a26
_cLIBRO
_e2
_hWB 18.2
_mB877e
_n0
999 _c325303
_d325303